Country Connect by highest population density neighbour - Statistics

General Stats
  • This quiz has been taken 79 times
  • The average score is 117 of 156
Answers on the Map
Answers color-coded by a green-red scale on the quiz's map according to % correct below.
 
Answer Stats
Country % Correct
France
100%
Monaco
100%
Belgium
94%
Germany
94%
Luxembourg
94%
Netherlands
94%
Afghanistan
88%
Armenia
88%
Austria
88%
Azerbaijan
88%
Bangladesh
88%
Cambodia
88%
China
88%
Czech Republic
88%
Papua New Guinea
88%
United Arab Emirates
88%
Georgia
88%
Greece
88%
Hungary
88%
India
88%
Indonesia
88%
Iran
88%
Iraq
88%
Israel
88%
Italy
88%
Jordan
88%
Kuwait
88%
Kyrgyzstan
88%
Laos
88%
Lebanon
88%
Liechtenstein
88%
Malaysia
88%
Myanmar
88%
North Korea
88%
Oman
88%
Pakistan
88%
Qatar
88%
Russia
88%
Saudi Arabia
88%
Serbia
88%
Slovakia
88%
South Korea
88%
Switzerland
88%
Syria
88%
Tajikistan
88%
Thailand
88%
Turkey
88%
Turkmenistan
88%
Uzbekistan
88%
Vatican City
88%
Vietnam
88%
Yemen
88%
Albania
85%
Bhutan
85%
Brunei
85%
East Timor
85%
Kazakhstan
85%
Kosovo
85%
Moldova
85%
Mongolia
85%
Nepal
85%
Poland
85%
Romania
85%
San Marino
85%
Slovenia
85%
Ukraine
85%
Egypt
73%
Algeria
70%
Andorra
70%
Angola
70%
Benin
70%
Burkina Faso
70%
Burundi
70%
Cameroon
70%
D. R. Congo
70%
Eswatini
70%
Ethiopia
70%
Ghana
70%
Ivory Coast
70%
Kenya
70%
Lesotho
70%
Malawi
70%
Morocco
70%
Mozambique
70%
Niger
70%
Nigeria
70%
Portugal
70%
Rep. of the Congo
70%
Rwanda
70%
South Africa
70%
Spain
70%
Sudan
70%
Tanzania
70%
Togo
70%
Uganda
70%
Zambia
70%
Zimbabwe
70%
Chad
67%
Central African Republic
67%
Gambia
67%
Guinea
67%
Guinea-Bissau
67%
Liberia
67%
Libya
67%
Mali
67%
Mauritania
67%
Senegal
67%
Sierra Leone
67%
South Sudan
67%
Tunisia
67%
Argentina
64%
Bolivia
64%
Botswana
64%
Brazil
64%
Canada
64%
Chile
64%
Colombia
64%
Costa Rica
64%
Djibouti
64%
Ecuador
64%
El Salvador
64%
Equatorial Guinea
64%
Eritrea
64%
Gabon
64%
Guatemala
64%
Honduras
64%
Ireland
64%
Mexico
64%
Namibia
64%
Nicaragua
64%
Panama
64%
Paraguay
64%
Peru
64%
Somalia
64%
United Kingdom
64%
United States
64%
Uruguay
64%
Belarus
61%
Belize
61%
Bosnia and Herzegovina
61%
Bulgaria
61%
Croatia
61%
Denmark
61%
Estonia
61%
Finland
61%
Guyana
61%
Latvia
61%
Lithuania
61%
Montenegro
61%
North Macedonia
61%
Norway
61%
Suriname
61%
Sweden
61%
Venezuela
61%
Dominican Republic
58%
Haiti
58%
No matching quizzes found
Score Distribution
Percent of People with Each Score
Percentile by Number Answered
Your Score History
You have not taken this quiz